[Event "Challenge"]
[Site "http://www.queenalice.com/game.php?id=1276680"]
[Date "2014.4.27"]
[Round "-"]
[White "odone"]
[Black "jcso"]
[Result "1-0"]
[WhiteElo "1881"]
[BlackElo "1843"]

1. d4 e6 2. c4 Nf6 3. Bg5 Be7 4. Nf3 h6 5. Bd2 b6 6. Nc3 Bb7 7. e3 O-O 8. Be2
Ne4 9. O-O c5 10. Qc2 f5 11. Ne5 Nxc3 12. Bxc3 Qe8 13. Rad1 Nc6 14. Nd3 Qg6 15.
Nf4 Qg5 16. d5 Nd8 17. f3 Bf6 18. Bd2 Be5 19. Qa4 d6 20. Qd7 exd5 21. Nxd5 Kh8
22. f4 Bc6 23. fxg5 Bxd7 24. gxh6 gxh6 25. b3 Ne6 26. Bd3 Ng7 27. Kh1 Bc6 28. e4
Bxd5 29. Bxh6 Bxe4 30. Bxe4 fxe4 31. Kg1 e3 32. Bxe3 Rf6 33. Rxf6 Bxf6 34. Rxd6
Re8 35. Kf2 Nf5 36. Rxf6 Nxe3 37. Rf7 a5 38. Rb7 Re6 39. Kf3 Nf5 40. Kf4 Nd4 41.
g4 Rh6 42. Kg3 Ne2+ 43. Kg2 Nc1 44. g5 Rg6 45. h4 Nxa2 46. Kg3 Nc3 47. Kg4 Rg7
48. Rxb6 a4 49. h5 a3 50. Ra6 a2 51. h6 Rg8 52. Kh5 Rb8 53. g6 Rg8 54. h7 Re8
55. Kh6 Rg8 56. hxg8=Q+ Kxg8 57. Ra8# 1-0

[Event "Challenge"]
[Site "http://www.queenalice.com/game.php?id=1291848"]
[Date "2014.7.1"]
[Round "-"]
[White "odone"]
[Black "frankden"]
[Result "0-1"]
[WhiteElo "1895"]
[BlackElo "1916"]

1. d4 Nf6 2. c4 g6 3. Nf3 Bg7 4. Nc3 O-O 5. e4 d6 6. Bd3 c5 7. O-O cxd4 8. Nxd4
Nc6 9. Nxc6 bxc6 10. Be3 a5 11. Rb1 Be6 12. f3 Rb8 13. Qd2 Re8 14. b3 Qc7 15. f4
Ng4 16. Nd1 c5 17. Rf3 a4 18. h3 Nxe3 19. Nxe3 axb3 20. axb3 Bd4 21. Kh1 Bxe3
22. Rxe3 Rb4 23. Be2 Reb8 24. Rc3 Qb7 25. Qb2 Qxe4 26. Qd2 Qxb1+ 27. Kh2 Rxb3
28. Rxb3 Qxb3 0-1

[Event "Challenge"]
[Site "http://www.queenalice.com/game.php?id=1295706"]
[Date "2014.7.19"]
[Round "-"]
[White "alexferreira"]
[Black "odone"]
[Result "1-0"]
[WhiteElo "1985"]
[BlackElo "1887"]

1. d4 d5 2. g3 Nf6 3. Bg2 e6 4. Nf3 Be7 5. Bg5 Nc6 6. c3 O-O 7. O-O Bd7 8. Nbd2
h6 9. Bxf6 Bxf6 10. e4 Re8 11. exd5 exd5 12. Nb3 a5 13. a4 Ne7 14. Re1 Ng6 15.
Nc5 b6 16. Nxd7 Qxd7 17. Rxe8+ Rxe8 18. Qc2 c6 19. Re1 Rxe1+ 20. Nxe1 Qe6 21.
Qd2 Ne7 22. Nd3 Nc8 23. Qd1 Nd6 24. Nf4 Qe7 25. Nd3 Nc4 26. b3 Nd6 27. Nf4 Bg5
28. Ne2 f5 29. Qd3 g6 30. Qc2 b5 31. axb5 Nxb5 32. Qb2 Nd6 33. Qa2 Kf7 34. Kf1
Nb7 35. Qa4 Qd6 36. h4 Bd2 37. c4 g5 38. hxg5 hxg5 39. c5 f4 40. gxf4 Qf6 41.
fxg5 Qe6 42. Qa2 Bb4 43. Qc2 Nd8 44. Qd3 Qg6 45. Qf3+ Kg7 46. Bh3 Qxg5 47. Qg4
Qxg4 48. Bxg4 Kf6 49. Kg2 Ne6 50. Bxe6 Kxe6 51. Kf3 Kf5 52. Ke3 Ba3 53. f4 Bb4
54. Ng3+ Kf6 55. Kf3 Bc3 56. Ke3 Be1 57. Nh1 Kf5 58. Ke2 Bh4 59. Kf3 Bf6 60.
Ng3+ Kg6 61. Kg4 Bxd4 62. f5+ Kf6 63. Nh5+ Kf7 64. Kg5 Bxc5 65. Nf4 Be7+ 66. Kg4
Kf6 67. Nd3 c5 68. Nb2 Bd6 69. Na4 d4 70. Nb2 Ke5 71. Nc4+ Ke4 72. Nxd6+ Ke3 73.
f6 d3 74. Nc4+ Ke2 75. f7 1-0

[Event "Challenge"]
[Site "http://www.queenalice.com/game.php?id=1295722"]
[Date "2014.7.19"]
[Round "-"]
[White "odone"]
[Black "alexferreira"]
[Result "0-1"]
[WhiteElo "1900"]
[BlackElo "1982"]

1. d4 d5 2. c4 c6 3. Nf3 dxc4 4. e4 b5 5. Nc3 Bb7 6. Be2 g6 7. O-O Bg7 8. b3
cxb3 9. axb3 a6 10. Be3 Nf6 11. Qc1 Ng4 12. Bf4 O-O 13. h3 Nf6 14. Re1 Nbd7 15.
e5 Nd5 16. Nxd5 cxd5 17. Rb1 f6 18. e6 Nb6 19. Bc7 Qc8 20. Bxb6 Qxe6 21. Qc7 Qc8
22. Qxe7 Rf7 23. Qa3 Qd7 24. Bc5 Re8 25. b4 h6 26. Qc1 g5 27. Nh2 Bf8 28. Ng4
Kg7 29. h4 Bxc5 30. bxc5 Bc6 31. Rb3 Rxe2 32. Nh2 Rfe7 33. Re3 Rxe1+ 34. Qxe1
Rxe3 35. fxe3 Qe6 36. Qe2 Bb7 37. hxg5 hxg5 38. Nf3 Qe4 39. Nd2 Qe7 40. Nb3 Qc7
41. Kf2 Bc8 42. e4 Qf4+ 43. Qf3 Qxe4 44. Qxe4 dxe4 45. Ke3 f5 46. Na5 Kf7 47. d5
Ke8 48. d6 Kd7 49. g3 Ke6 50. Kd4 g4 51. Nc6 Bd7 52. Nb4 a5 53. Nc2 b4 54. Kc4
Ke5 55. Ne3 Bc6 56. Kb3 Bb5 57. Nc4+ Bxc4+ 58. Kxc4 Ke6 0-1

[Event "Challenge"]
[Site "http://www.queenalice.com/game.php?id=1298461"]
[Date "2014.8.1"]
[Round "-"]
[White "filomenos"]
[Black "odone"]
[Result "1-0"]
[WhiteElo "1958"]
[BlackElo "1914"]

1. d4 d5 2. g3 Nf6 3. Bg2 e6 4. Nf3 Be7 5. Bg5 O-O 6. O-O Nbd7 7. c3 c5 8. dxc5
Nxc5 9. Nbd2 Bd7 10. Nb3 Nxb3 11. axb3 a6 12. b4 Bb5 13. Re1 Rc8 14. Nd2 h6 15.
Bxf6 Bxf6 16. e4 Rc7 17. exd5 exd5 18. Qb3 Bc4 19. Nxc4 dxc4 20. Qc2 Rd7 21. Re2
Re7 22. Rae1 Rfe8 23. Bxb7 Rxe2 24. Rxe2 Rxe2 25. Qxe2 Qd3 26. Qxd3 cxd3 27. Kf1
h5 28. Bxa6 d2 29. Ke2 h4 30. Kxd2 Bg5+ 31. Ke2 hxg3 32. fxg3 Bc1 33. b3 f5 34.
c4 Kf7 35. b5 Ba3 36. b6 Bd6 37. Kd3 Ke6 38. Kd4 g5 39. c5 f4 40. cxd6 f3 41. b7
f2 42. b8=Q f1=Q 43. Bxf1 1-0

[Event "Challenge"]
[Site "http://www.queenalice.com/game.php?id=1298474"]
[Date "2014.8.1"]
[Round "-"]
[White "odone"]
[Black "filomenos"]
[Result "1-0"]
[WhiteElo "1895"]
[BlackElo "1977"]

1. d4 d5 2. c4 c6 3. Nf3 g6 4. Nc3 dxc4 5. e4 b5 6. Be2 Bb7 7. O-O Bg7 8. Be3
Nf6 9. Rb1 O-O 10. b3 cxb3 11. Rxb3 Nbd7 12. a4 a6 13. h3 Re8 14. Qd2 Nb6 15.
Rd1 Qc7 16. Rc1 Qd7 17. d5 Nc8 18. Ne5 Qc7 19. axb5 cxb5 20. f4 Qb8 21. Nf3 Nd7
22. e5 f6 23. e6 Ndb6 24. Bxb6 Nd6 25. Nd4 Nc8 26. Ne4 Bxd5 27. Nc5 Bxb3 28. Ba5
Nd6 29. Ncxb3 f5 30. Rc7 Bxd4+ 31. Qxd4 Ne4 32. Qb4 Nd6 33. Bf3 Ra7 34. Qc5 Nc4
35. Rxa7 Nxa5 36. Ra8 Qxa8 37. Bxa8 1-0

[Event "Challenge"]
[Site "http://www.queenalice.com/game.php?id=1311921"]
[Date "2014.10.1"]
[Round "-"]
[White "odone"]
[Black "matto64"]
[Result "0-1"]
[WhiteElo "1875"]
[BlackElo "1913"]

1. d4 e5 2. e4 exd4 3. Qxd4 Nc6 4. Qd1 Bc5 5. Nf3 d6 6. Bb5 Nf6 7. O-O O-O 8.
Bxc6 bxc6 9. Bg5 Rb8 10. b3 h6 11. Bd2 Nxe4 12. Be1 Re8 13. c4 Bg4 14. Nbd2 Nc3
15. Qc2 Ne2+ 16. Kh1 Qf6 17. Rd1 Bf5 18. Ne4 Rxe4 19. Qd2 Bb4 20. Qxb4 Rxb4 21.
Bxb4 Qg6 22. Nd2 Rg4 23. g3 Rd4 24. Rde1 Bd3 25. Nf3 Be4 26. Rxe2 Bxf3+ 27. Kg1
Bxe2 28. Re1 Rd1 29. Rxd1 Bxd1 0-1

[Event "Challenge"]
[Site "http://www.queenalice.com/game.php?id=1317826"]
[Date "2014.10.25"]
[Round "-"]
[White "odone"]
[Black "Paulzinho"]
[Result "0-1"]
[WhiteElo "1861"]
[BlackElo "1944"]

1. d4 f5 2. c4 Nf6 3. Nc3 d6 4. Nf3 g6 5. Bg5 Nbd7 6. d5 Bg7 7. e3 O-O 8. Bd3
Nc5 9. O-O Nfe4 10. Nxe4 fxe4 11. Ne1 exd3 12. Rb1 d2 13. Nf3 Bg4 14. Qxd2 Ne4
15. Qe2 Nxg5 16. b3 Nxf3+ 17. gxf3 Bxf3 18. Qd2 Qd7 0-1

[Event "Challenge"]
[Site "http://www.queenalice.com/game.php?id=1326011"]
[Date "2014.12.4"]
[Round "-"]
[White "odone"]
[Black "manucies"]
[Result "1-0"]
[WhiteElo "1861"]
[BlackElo "1444"]

1. d4 d5 2. c4 e6 3. Nf3 Nf6 4. Nc3 Bb4 5. Bg5 Bxc3+ 6. bxc3 dxc4 7. e4 h6 8.
Bxf6 Qxf6 9. Bxc4 Nc6 10. O-O O-O 11. Rb1 Qg6 12. Bd3 f6 13. e5 f5 14. h3 b6 15.
Bb5 Bb7 16. Ne1 a6 17. Bxc6 Bxc6 18. f3 Bd5 19. Rc1 Bxa2 20. Qc2 Bc4 21. Rf2 c5
22. Nd3 Bxd3 23. Qxd3 cxd4 24. cxd4 b5 25. Rfc2 Qf7 26. Rc7 Qe8 27. Qc3 Rf7 28.
f4 Rxc7 29. Qxc7 b4 30. Qb7 Qb8 31. Qe7 Qb6 32. Rc7 Qxd4+ 33. Kh1 1-0

[Event "Challenge"]
[Site "http://www.queenalice.com/game.php?id=1331975"]
[Date "2015.1.1"]
[Round "-"]
[White "odone"]
[Black "alemaocs"]
[Result "0-1"]
[WhiteElo "1863"]
[BlackElo "1967"]

1. d4 d5 2. c4 e6 3. Nc3 Nf6 4. Bg5 Be7 5. Nf3 O-O 6. Bxf6 Bxf6 7. e4 dxe4 8.
Nxe4 b6 9. Be2 Bb7 10. Nxf6+ Qxf6 11. O-O Nd7 12. Rc1 Rad8 13. Qc2 c5 14. Rfd1
cxd4 15. Nxd4 Nc5 16. Qc3 h6 17. h3 Qg5 18. Nf3 Qg6 19. Nh4 Qg5 20. Nf3 Qf4 21.
Rxd8 Rxd8 22. Rd1 Rc8 23. Rd4 Qf6 24. b3 Qe7 25. Rg4 g6 26. Ne5 g5 27. h4 f6 28.
Ng6 Qg7 29. h5 Ne4 30. Qc2 f5 31. f4 fxg4 32. Bd3 Nf6 33. fxg5 hxg5 34. g3 Nxh5
35. Kh2 Kf7 36. Qf2+ Nf6 37. Ne5+ Ke7 38. Ng6+ Ke8 39. Qe2 Qh6+ 40. Nh4 gxh4 41.
Qxe6+ Kf8 42. Be4 hxg3+ 43. Kxg3 Qe3+ 44. Kh4 Nxe4 45. Qxg4 Qe1+ 0-1

[Event "Challenge"]
[Site "http://www.queenalice.com/game.php?id=1341349"]
[Date "2015.2.13"]
[Round "-"]
[White "alemaocs"]
[Black "odone"]
[Result "1-0"]
[WhiteElo "2085"]
[BlackElo "1863"]

1. e4 e5 2. f4 Nc6 3. Nf3 d6 4. h3 Nf6 5. Bc4 Be7 6. d3 O-O 7. O-O Na5 8. fxe5
Nxc4 9. exf6 Bxf6 10. dxc4 Be6 11. Qd3 h6 12. c3 c5 13. Be3 Qb6 14. b3 Rad8 15.
Nbd2 Qc6 16. Rac1 b6 17. Qc2 a6 18. Qd1 b5 19. Nh2 Be5 20. Ng4 Bxg4 21. Qxg4 Kh7
22. Nf3 Qd7 23. Qxd7 Rxd7 24. Nxe5 1-0

[Event "Challenge"]
[Site "http://www.queenalice.com/game.php?id=1348848"]
[Date "2015.3.20"]
[Round "-"]
[White "odone"]
[Black "Chanchito"]
[Result "0-1"]
[WhiteElo "1863"]
[BlackElo "2090"]

1. e4 e5 2. Bc4 Nf6 3. Nc3 Bc5 4. Nf3 d6 5. O-O O-O 6. h3 Nc6 7. a3 Be6 8. Bxe6
fxe6 9. d3 Qe8 10. b4 Bb6 11. Bb2 Nh5 12. Na4 Nf4 13. Nxb6 axb6 14. Rc1 Rf6 15.
d4 Qh5 16. Nh2 Nxh3+ 17. gxh3 Qxh3 18. Qg4 Rg6 19. Qxg6 hxg6 20. c4 Nxd4 21. c5
Ne2+ 22. Kh1 Nxc1 23. Bxc1 bxc5 24. bxc5 Ra4 25. f3 Rc4 26. cxd6 Rc2 27. d7
Qxh2# 0-1

[Event "Challenge"]
[Site "http://www.queenalice.com/game.php?id=1353990"]
[Date "2015.4.16"]
[Round "-"]
[White "odone"]
[Black "Miccel"]
[Result "1-0"]
[WhiteElo "1913"]
[BlackElo "1864"]

1. d4 g6 2. Nc3 Bg7 3. e4 d6 4. Nf3 Nd7 5. Bd3 e6 6. O-O Ne7 7. Re1 O-O 8. Be3
b6 9. h3 Bb7 10. Qd2 c5 11. Bh6 Rc8 12. Bxg7 Kxg7 13. Re2 c4 14. Bxc4 Rxc4 15.
b3 Rc8 16. Rd1 d5 17. e5 Nf5 18. Kh2 Qc7 19. Kh1 1-0

[Event "Challenge"]
[Site "http://www.queenalice.com/game.php?id=1357648"]
[Date "2015.5.5"]
[Round "-"]
[White "Magogue"]
[Black "odone"]
[Result "0-1"]
[WhiteElo "1150"]
[BlackElo "1863"]

1. e4 e5 2. f4 Nc6 3. Nf3 d6 4. d4 Bg4 5. Bb5 Nf6 6. Nc3 a6 7. Be2 Be7 8. d5
Bxf3 9. Bxf3 Nd4 10. f5 O-O 11. Be3 Nxf3+ 12. Qxf3 c6 13. dxc6 bxc6 14. g4 d5
15. exd5 cxd5 16. Bd2 Rb8 17. b3 Re8 18. O-O-O Ba3+ 19. Kb1 a5 20. Bc1 Bxc1 21.
Kxc1 d4 22. g5 e4 0-1

[Event "Challenge"]
[Site "http://www.queenalice.com/game.php?id=1357649"]
[Date "2015.5.5"]
[Round "-"]
[White "odone"]
[Black "Magogue"]
[Result "1-0"]
[WhiteElo "1865"]
[BlackElo "1148"]

1. d4 d5 2. c4 dxc4 3. e4 e5 4. Bxc4 exd4 5. Nf3 Nc6 6. O-O Be6 7. Bb5 Bc5 8.
Bxc6+ bxc6 9. Re1 h6 10. Bf4 Rb8 11. b3 f6 12. Nbd2 Ne7 13. Qc1 Bb6 14. Rd1 O-O
15. Nc4 c5 16. Nxb6 cxb6 17. Bxb8 Qxb8 18. g3 Bg4 19. Rd3 Bxf3 20. Rxf3 Ng6 21.
Qc4+ Kh8 22. Re1 Ne5 23. Qe2 1-0

[Event "Challenge"]
[Site "http://www.queenalice.com/game.php?id=1401134"]
[Date "2015.12.29"]
[Round "-"]
[White "odone"]
[Black "tiagolima"]
[Result "0-1"]
[WhiteElo "1912"]
[BlackElo "1696"]

1. e4 e5 2. f4 Nc6 3. Nf3 f5 4. Bc4 fxe4 5. Ng5 d5 6. Bb3 exf4 7. h4 Nf6 8. O-O
h6 9. Nxe4 Nxe4 10. Qh5+ Kd7 11. Qxd5+ Bd6 0-1

[Event "Challenge"]
[Site "http://www.queenalice.com/game.php?id=1410760"]
[Date "2016.2.23"]
[Round "-"]
[White "odone"]
[Black "RaulSoft"]
[Result "0-1"]
[WhiteElo "1876"]
[BlackElo "1895"]

1. d4 d5 2. c4 dxc4 3. e4 Nc6 4. Nf3 Nf6 5. d5 Nxe4 6. Bxc4 Nb8 7. O-O Nd6 8.
Bb3 g6 9. Nc3 Bg7 10. Be3 Bg4 11. h3 Bxf3 12. Qxf3 O-O 13. Rac1 Nd7 14. Rfe1 Nf5
15. Bc2 Nxe3 16. Qxe3 Re8 17. Bb3 a6 18. Qf3 Nc5 19. Bc4 b5 20. Bf1 b4 21. Ne4
Nxe4 22. Qxe4 Bxb2 23. Rc2 Bc3 24. Rd1 c5 25. a3 Qd6 26. axb4 Bxb4 27. f4 Rab8
28. Ra1 Rb6 29. g3 a5 30. Kg2 e5 31. Re2 f5 32. Qc4 e4 33. Raa2 Rd8 34. Rac2 Kf8
35. h4 Qxd5 36. Qxd5 Rxd5 37. Rc4 a4 38. Kh3 Rd1 39. Bg2 a3 40. h5 gxh5 41. Kh4
Rg6 42. Kxh5 Rxg3 43. Kh4 Rdd3 44. Kh5 Kg7 45. Kh4 Rd6 46. Kxg3 Kf6 47. Rec2
Be1+ 48. Kh3 Rd3+ 49. Kh2 Bg3+ 0-1